Statistiques concernant Pays les plus proches de Royaume-Uni - sprint d'une minute

Cliquez ici pour prendre le quiz!

Statistiques générales

  • Ce quiz a été pris 98 fois
  • Le résultat moyen est 15 sur 20

Statistiques - réponses

kmpays% Correct
33France
100%
0Irlande
100%
293Norvège
97%
133Pays-Bas
97%
685Suède
96%
80Belgique
93%
295Allemagne
92%
516Danemark
88%
783Islande
88%
337Luxembourg
88%
702Espagne
82%
574Suisse
81%
715Italie
71%
872Portugal
71%
833Pologne
64%
905Andorre
56%
718Autriche
56%
732Liechtenstein
46%
758Tchéquie
44%
284Îles Féroé
22%

Distribution des résultats

Percentile par nombre de réponses

% des personnes avec chaque résultat

Votre développement - résultats

Vous n’avez pas pris ce quiz